[Event "CP-2010-S-00005"]
[Site "LSS email"]
[Date "2013.05.01"]
[Round "?"]
[White "Mueller, Michael"]
[Black "Mason, Ian C"]
[Result "1/2-1/2"]
[WhiteElo "2227"]
[BlackElo "2144"]
[PlyCount "76"]
[EventDate "2013.05.05"]
[EventType "tourn (corr)"]
[EventRounds "7"]
[EventCountry "GER"]
[SourceTitle "Telechess CBM 163"]
[Source "ChessBase"]
[SourceDate "2014.11.11"]
[SourceVersion "2"]
[SourceVersionDate "2014.11.11"]
[SourceQuality "1"]

1. Nf3 d5 2. c4 c6 3. e3 Nf6 4. Nc3 e6 5. b3 Bd6 6. Bb2 0-0 7. Be2 Nbd7 8. Qc2 Re8 9. 0-0 e5 10. cxd5 Nxd5 11. Ne4 Bc7 12. Ng3 N7f6 13. d3 Qe7 14. a3 a5 15. Rfe1 Bd7 16. Nd2 Rad8 17. Rac1 Bg4 18. Bxg4 Nxg4 19. h3 Ngf6 20. Nc4 Qe6 21. Red1 h6 22. Qd2 Ra8 23. Qe2 Rad8 24. Qd2 b6 25. Qc2 c5 26. Ne4 Re7 27. Qe2 Red7 28. Rd2 Qe7 29. a4 Nb4 30. Rcd1 Nfd5 31. Qg4 g6 32. h4 Qe8 33. Qe2 f5 34. Nc3 Nxc3 35. Bxc3 Nd5 36. Bb2 Nb4 37. Bc3 Nd5 38. Bb2 Nb4 1/2-1/2